00842nam a2200205 a 4500001001000000003000500010005001700015008004100032010001100073011001100084040000900095100003400104245015200138260004100290500006000331502009800391650003200489650004500521856007000566000115340CHAP20220329144530.0190513s2018 mx a |sm |||||||spa d a111801 a112773 cCHAP1 aAntúnes Martínez, Mayolo.10aManual de mantenimiento preventivo de tractores Massey Ferguson para la empresa Mavepo s.a. de c.v.h[En línea]cpor Mayolo Antúnez Martínez. aChapingo, Méx. :bEl autor,c2018. aPara ver el contenido del material haga clic en la liga aTesis (Ing. Mecánico Agrícola) -- UACH. Departamento de Igeniería Mecánica Agrícola14aManuales de procedimientos.14aTractoresxMantenimiento y reparación. aFinding aiduhttp://10.13.5.2/tesis/sist115340.pdfzTeclea aquí